AH International Schools' Libraries

King Jesus claims his church / (Record no. 50072)

MARC details
000 -LEADER
fixed length control field 01160nam a2200169 4500
020 ## - INTERNATIONAL STANDARD BOOK NUMBER
International Standard Book Number 9780974272795
100 ## - MAIN ENTRY--PERSONAL NAME
Personal name Kuruvilla, Finny,
Relator term author.
9 (RLIN) 87093
245 ## - TITLE STATEMENT
Title King Jesus claims his church /
Statement of responsibility, etc by Finny Kuruvilla.
260 ## - PUBLICATION, DISTRIBUTION, ETC. (IMPRINT)
Name of publisher, distributor, etc Anchor-Cross Ministries :
Date of publication, distribution, etc August 19, 2013.
300 ## - PHYSICAL DESCRIPTION
Extent 380 pages.
Dimensions 6 x 0.85 x 9 inches.
520 ## - SUMMARY, ETC.
Summary, etc Many people today say, "I'm spiritual, but not religious." Such language veils a hunger for God but a distaste for the church. Even in the church, Christians are asking, "Is this what church is supposed to be?" Many Christians sense deep down that there is supposed to be something more, but are unsure of what that something is. These longings can be fulfilled only by discovering God's true intent for His people. The mandate for our generation is to recover a vision for the church that comes from correctly reading Scripture. King Jesus Claims His Church presents a stirring, bold vision for the church that is both biblical and timely.
650 ## - SUBJECT ADDED ENTRY--TOPICAL TERM
9 (RLIN) 1626
Topical term or geographic name as entry element Church.
650 ## - SUBJECT ADDED ENTRY--TOPICAL TERM
9 (RLIN) 60211
Topical term or geographic name as entry element Christian church
Form subdivision Leadership.
650 ## - SUBJECT ADDED ENTRY--TOPICAL TERM
9 (RLIN) 80302
Topical term or geographic name as entry element Church membership
650 ## - SUBJECT ADDED ENTRY--TOPICAL TERM
9 (RLIN) 80302
Topical term or geographic name as entry element Church membership
942 ## - ADDED ENTRY ELEMENTS (KOHA)
Source of classification or shelving scheme
Koha item type Book
Holdings
Withdrawn status Lost status Source of classification or shelving scheme Damaged status Not for loan Home library Current library Date acquired Total Checkouts Full call number Barcode Date last seen Price effective from Koha item type
          Logos International School Logos International School 01/15/2026   253 KUR 040811 01/20/2026 01/15/2026 Book

For any Logos Library related questions please contact Miss Art at swongnarasuk@asianhope.org.

For any Asian Hope Library related questions please contact Miss Raza at graza@asianhope.org.

Click here to explore our ebooks!

Powered by Koha